1392 1915 1491 1687 1983 1027 1480 1024 1607 1762 1206 1787 1165 1775 1298 1167 1474 1360 1613 1323 1579 1339 1938 1157 1915 1601 1479 1357 1959 1877 1341 1948 1125 1781 1354 1334 1453 1993 1037 1935 1069 1073 1923 1193 1562 1138 1113 1718 1393 1978 1602 1680 1986 1445 1823 1976 1916 1441 1480 1720 1704 1946 1945 1055 1162 1085 1344 1819 1438 1353 1644 1153 1378 1397 1228 1901 1977 1750 1509 1259 1839 1435 1109 1513 1517 1808 1196 1720 1555 1433 1233 1716 1179 1130 1271 1360 1734 1292 1047 BCNSPRNW ULIB Ver.6.0+V

เปลี่ยนเป็นภาษาไทย

Change to English
 แสดงรายละเอียดบรรณานุกรม
  กลับหน้าหลัก

Brief Record : Get Marc (ISO 2709) : E-mail record : QR code < ปิดหน้าต่าง
LEADER : 00000nam 2200000uu 4500
001    13399127445
003     ULIB
008    200525s2019||||th 000 0 tha d
020    ^a9781506259871 (pbk.)
050  4 ^aPE1128^bS532Bt
100 1  ^aSharpe, Pamela J.
245 10 ^aBarron s TOEFL iBT :^binternet-based test /^cPamela J.Sharpe
246 30 ^aTOEFL iBT :^bInternet-based test
246 30 ^aTOEFL Internet-based test
250    ^a16th ed.
260    ^aHauppauge, N.Y. :^bKaplan/Barron s Educational Series,^c2019
300    ^avi, 810 p. :^bill. ;^c28 cm.
650  0 ^aTest of English as a Foreign Language^vStudy guides
650  0 ^aEnglish language^vTextbooks for foreign speakers
650  0 ^aEnglish language^xExaminations^vStudy guides
653    ^aTOEFL
945    ^p0^l0^i28325
999    ^aกัณชพร จุลอักษร
รายการนี้ยังไม่มีแท็ก
คุณยังไม่ได้ล็อกอิน คุณสามารถมีกิจกรรมร่วมกับเว็บไซต์ได้ แต่ต้องล็อกอินก่อน ::
  ล็อกอิน

รายการสื่อสารสนเทศ

ลำดับที่ ประเภท เลขเรียก/บาร์โค้ด สถานที่ สถานะ
1. หนังสือสำรอง
หนังสือสำรอง
PE1128 S532Bt ฉ.1 
  Barcode: 28325
ห้องสมุดวิทยาเขตนครสวรรค์
►หนังสือทั่วไป:l:General Books
บนชั้น

รายการใกล้เคียง
    ผู้แต่ง [Sharpe, Pamela J.]

BibComment


ยังไม่เคยถูกคอมเมนท์

คอมเมนท์ทรัพยากรรายการนี้
  คอมเมนท์: Barron s TOEFL i..


 Copyright 2026. Bcnsprnw @Library